[Event "Parco del Taro op 1st"]
[Site "Collecchio"]
[Date "2004.03.13"]
[Round "3"]
[White "Pelagatti, Alessandro"]
[Black "Gabelli, Giuseppe"]
[Result "1-0"]
[WhiteElo "1969"]
[BlackElo "1606"]
[PlyCount "87"]
[EventDate "2004.03.12"]
[EventType "swiss"]
[EventRounds "5"]
[EventCountry "ITA"]
[SourceTitle "EXT 2007"]
[Source "ChessBase"]
[SourceDate "2006.11.23"]
[SourceVersion "1"]
[SourceVersionDate "2006.11.23"]
[SourceQuality "1"]

1. d4 d5 2. Nf3 Nf6 3. c4 c6 4. Qc2 Bg4 5. Nbd2 Nbd7 6. e3 e6 7. b3 Rc8 8. Bd3 Bd6 9. Bb2 0-0 10. 0-0 Bh5 11. Rfe1 Re8 12. Ne5 Qc7 13. f4 Nf8 14. c5 Bxe5 15. fxe5 N6d7 16. e4 f6 17. exf6 gxf6 18. exd5 exd5 19. Nf1 Qf4 20. Qf2 Qxf2+ 21. Kxf2 Bg6 22. Rad1 Rxe1 23. Kxe1 Kf7 24. Ng3 Re8+ 25. Kf2 Ne6 26. Nf5 Bxf5 27. Bxf5 Ndf8 28. h4 b6 29. cxb6 axb6 30. g3 b5 31. Rc1 Ra8 32. a3 Nd8 33. Ke3 Ra7 34. Kd3 h6 35. Ra1 Nfe6 36. a4 bxa4 37. Rxa4 Rb7 38. Kc2 c5 39. Ra6 cxd4 40. Rd6 d3+ 41. Bxd3 d4 42. Bc4 Rc7 43. Rxd4 Kg7 44. Rg4+ 1-0